000 00299nam a2200109Ia 4500
008 200302s9999 xx 000 0 und d
100 _aZeny Edwards
245 _aWilliam Hardy Wilson : Artist Archtiect Orientalist Visionary
260 _bThe Watermark Press,Sydney
260 _c2001
300 _a260 P
999 _c4977
_d4977